Naturwissenschaftliche Konstanten - Statistiken

Allgemein
  • Dieses Quiz wurde 179 mal gespielt
  • Das Durchschnittsergebnis liegt bei 4 aus 18
Antwortstatistiken
Zahlwert Einheit Formelzeichen Name % Korrekt
3,141592653 - π Pi
99%
2,997*10^8 m/s c Lichtgeschwindigkeit im Vakuum
63%
2,718281828 - e Eulersche Zahl
54%
9,81 m*s^(-2) g Ortsfaktor
42%
0 K T absoluter Nullpunkt
35%
6,673*10^-11 m^3*kg^(-1)*s^(-2) G Gravitationskonstante
29%
6,022*10^23 mol^(-1) Na Avogadro- Konstante
24%
9,109*10^-31 kg me Ruhemasse Elektron
17%
1,602*10^-19 C e Elementarladung
15%
6,626*10^-34 J*s h plancksches Wirkungsquantum
14%
1,38*10^-23 J*K^(-1) k Boltzmann- Konstante
9%
8,854*10^-12 A*s*V^(-1)*m^(-1) ε0 elektrische Feldkonstante
7%
1,66*10^-27 kg u atomare Masseneinheit
5%
4π*10^-7 N*A^(-2) μ0 magnetische Feldkonstante
4%
1,097*10^7 m^(-1) Rh Rydberg- Konstante
4%
1,366^10^3 W*m^(-2) S Solarkonstante
2%
2,426*10^-12 m λc Compton- Wellenlänge
1%
5,67*10^-8 W*m^(-2)*K^(-4) σ Stefan- Boltzmann- Konstante
1%
Keine übereinstimmenden Quizze gefunden
Verteilung der Resultate
Anzahl Personen mit jedem Resultat
Perzentil nach korrekt beantworteten Fragen
Ihre Resultats-Entwicklung
Sie haben dieses Quiz noch nicht gespielt